[Event "CAN-ch"]
[Site "Toronto CAN"]
[Date "2025.04.18"]
[Round "2.19"]
[White "Wang, Nathan"]
[Black "Kalinin, Dzmitry"]
[Result "0-1"]
[WhiteElo "1977"]
[BlackElo "2119"]
[WhiteFideId "-1"]
[WhiteFideId "-1"]
[PlyCount "50"]
[GameId "2173072040643668"]
[EventDate "2025.04.17"]
[EventType "swiss"]
[EventRounds "9"]
[EventCountry "CAN"]

1. e4 e6 2. d4 d5 3. Nc3 Bb4 4. e5 c5 5. a3 Bxc3+ 6. bxc3 Qc7 7. h4 cxd4 8. cxd4 Qc3+ 9. Bd2 Qxd4 10. Nf3 Qe4+ 11. Be3 b6 12. h5 Qa4 13. Nd4 Ba6 14. Qg4 Ne7 15. Qxg7 Rg8 16. Qxh7 Bxf1 17. Kxf1 Nd7 18. f4 Nc5 19. h6 Qc4+ 20. Ne2 Rxg2 21. Re1 Nf5 22. Bxc5 Qe4 23. Rh3 Rg4 24. Rh2 Qf3+ 25. Rf2 Qh3+ 0-1

[Event "CAN-ch"]
[Site "Toronto CAN"]
[Date "2025.04.18"]
[Round "2.20"]
[White "Wu, Nathan"]
[Black "Li, Adam"]
[Result "1/2-1/2"]
[WhiteElo "2083"]
[BlackElo "1960"]
[WhiteFideId "-1"]
[WhiteFideId "-1"]
[PlyCount "164"]
[GameId "2173072040647765"]
[EventDate "2025.04.17"]
[EventType "swiss"]
[EventRounds "9"]
[EventCountry "CAN"]

1. d4 Nf6 2. Nc3 d5 3. Bf4 c6 4. e3 Bf5 5. f3 h6 6. g4 Bh7 7. h4 e6 8. Bd3 Bd6 9. Nge2 Bxf4 10. Nxf4 Qe7 11. g5 Nfd7 12. g6 Bg8 13. gxf7+ Bxf7 14. Ng6 Bxg6 15. Bxg6+ Kd8 16. Qe2 Nb6 17. Bd3 N8d7 18. O-O-O Kc7 19. f4 c5 20. Qh2 Rad8 21. Rhg1 a6 22. Rg6 c4 23. Be2 Nf8 24. Rg2 Kb8 25. Rdg1 Rg8 26. f5+ Ka7 27. Qe5 Qxh4 28. fxe6 Re8 29. Rxg7 Rxg7 30. Rxg7 Rxe6 31. Qc7 Nfd7 32. Rxd7 Nxd7 33. Qxd7 Qe1+ 34. Bd1 Qxe3+ 35. Kb1 Rb6 36. Nxd5 Qd2 37. Qg4 Rd6 38. Nc3 Qxd4 39. Qh5 Rb6 40. Qa5 Qg1 41. a3 Qg5 42. Qa4 Qc5 43. Qe8 Qxa3 44. Nb5+ Rxb5 45. Qxb5 Qd6 46. Qh5 Qb6 47. Qf3 Qg1 48. c3 b5 49. Ka2 Qb6 50. Qf7+ Kb8 51. Qf8+ Kc7 52. Bg4 Qd6 53. Qf7+ Kb6 54. Bc8 Ka5 55. Qf5 Kb6 56. Qe6 Qxe6 57. Bxe6 Kc5 58. Bf7 a5 59. Ka3 Kd6 60. Be8 Kc5 61. Ka2 Kb6 62. Kb1 b4 63. Kc2 Kc5 64. Kd2 Kd6 65. Ke3 Kd5 66. Kf4 Kd6 67. Ke4 Kc5 68. Ke5 b3 69. Kf5 Kd5 70. Bf7+ Kc5 71. Ke5 a4 72. Be8 a3 73. bxa3 b2 74. Bg6 h5 75. Bc2 Kb5 76. a4+ Ka5 77. Kf4 h4 78. Kg4 b1=Q 79. Bxb1 Kxa4 80. Ba2 Ka3 81. Bxc4 Kb2 82. Kxh4 Kxc3 1/2-1/2

[Event "CAN-ch"]
[Site "Toronto CAN"]
[Date "2025.04.18"]
[Round "2.21"]
[White "Xu, Leon"]
[Black "Zhong, Ryan Yunhui"]
[Result "1/2-1/2"]
[WhiteElo "1969"]
[BlackElo "2078"]
[WhiteFideId "-1"]
[WhiteFideId "-1"]
[PlyCount "56"]
[GameId "2173072040655958"]
[EventDate "2025.04.17"]
[EventType "swiss"]
[EventRounds "9"]
[EventCountry "CAN"]

1. e4 e6 2. d4 d5 3. Bd3 dxe4 4. Bxe4 Nf6 5. Bf3 c5 6. Ne2 Nc6 7. Be3 cxd4 8. Nxd4 Ne5 9. O-O Be7 10. Nc3 O-O 11. Qe2 Qc7 12. Rad1 Bd7 13. Rfe1 Rfd8 14. Bf4 Nxf3+ 15. Qxf3 Qb6 16. Bc1 Bf8 17. Bg5 Bc6 18. Nxc6 Qxc6 19. Rxd8 Rxd8 20. Ne4 Qxc2 21. Bxf6 gxf6 22. Nxf6+ Kh8 23. Nh5 Qg6 24. Qc3+ Kg8 25. Nf6+ Kh8 26. Nh5+ Kg8 27. Nf6+ Kh8 28. Nh5+ Kg8 1/2-1/2

[Event "CAN-ch"]
[Site "Toronto CAN"]
[Date "2025.04.18"]
[Round "2.22"]
[White "Barron, Michael"]
[Black "Mok, Yuen Tak"]
[Result "1-0"]
[WhiteElo "2062"]
[BlackElo "1948"]
[WhiteFideId "-1"]
[WhiteFideId "-1"]
[PlyCount "99"]
[GameId "2173072040655959"]
[EventDate "2025.04.17"]
[EventType "swiss"]
[EventRounds "9"]
[EventCountry "CAN"]

1. e4 c6 2. d4 d5 3. exd5 cxd5 4. Bd3 Nc6 5. c3 Nf6 6. Bf4 Bg4 7. Qb3 Qd7 8. Nd2 e6 9. Ngf3 Bd6 10. Bxd6 Qxd6 11. O-O O-O 12. Rae1 Ne7 13. Ne5 Bf5 14. Bxf5 Nxf5 15. g4 Ne7 16. f4 b5 17. g5 Ne8 18. Ndf3 Rb8 19. a3 a5 20. Nd3 Nf5 21. Nfe5 f6 22. Ng4 fxg5 23. Nc5 Nc7 24. fxg5 Nh4 25. Ne5 Qe7 26. Kh1 Rxf1+ 27. Rxf1 Qxg5 28. Rg1 Qf5 29. Qd1 Rf8 30. Qe2 Qh3 31. Ncd3 Rf5 32. Nf2 Rxe5 33. dxe5 Qf3+ 34. Qxf3 Nxf3 35. Ra1 Nxe5 36. a4 Nc6 37. Nd3 Kf7 38. axb5 Nxb5 39. Re1 a4 40. Nc5 a3 41. bxa3 Nxc3 42. Rxe6 Na5 43. Ra6 Nc4 44. a4 Ne5 45. a5 d4 46. Rd6 Nb5 47. Rb6 Na3 48. a6 Nac4 49. Rb7+ Kg6 50. a7 1-0

[Event "CAN-ch"]
[Site "Toronto CAN"]
[Date "2025.04.18"]
[Round "2.23"]
[White "Tan, Brendan"]
[Black "Joseph, Jonath"]
[Result "1/2-1/2"]
[WhiteElo "1960"]
[BlackElo "2034"]
[WhiteFideId "-1"]
[WhiteFideId "-1"]
[PlyCount "141"]
[GameId "2173072040660056"]
[EventDate "2025.04.17"]
[EventType "swiss"]
[EventRounds "9"]
[EventCountry "CAN"]

1. e4 e5 2. Nf3 Nc6 3. Bc4 Bc5 4. c3 Nf6 5. d4 exd4 6. b4 Bb6 7. e5 d5 8. exf6 dxc4 9. Qe2+ Be6 10. b5 Na5 11. fxg7 Rg8 12. cxd4 Qd7 13. Nc3 O-O-O 14. Bg5 Rde8 15. O-O-O Bg4 16. Qd2 Bxf3 17. gxf3 Rxg7 18. h4 Qf5 19. Rhe1 Rgg8 20. Re5 Qxf3 21. Nd5 Qa3+ 22. Qb2 Qxb2+ 23. Kxb2 Bxd4+ 24. Rxd4 Rxe5 25. Ne7+ Rxe7 26. Bxe7 Re8 27. Bb4 Re5 28. Rf4 Rxb5 29. Ka3 Nc6 30. Bc3 f5 31. Rxc4 Kd7 32. h5 Rd5 33. Kb2 b5 34. Rf4 Ne5 35. Kc2 Nc6 36. h6 Ne7 37. Rf3 Ng6 38. Bg7 f4 39. Ra3 Rh5 40. Kd2 Rd5+ 41. Ke2 c5 42. Rxa7+ Ke6 43. a4 b4 44. Ra6+ Rd6 45. Ra7 c4 46. Rb7 b3 47. a5 Rd3 48. f3 Re3+ 49. Kd1 Nh4 50. a6 Nxf3 51. Bc3 Rd3+ 52. Ke2 Rxc3 53. a7 Rc2+ 54. Kxf3 Ra2 55. Rxh7 c3 56. Re7+ Kxe7 57. h7 c2 58. h8=Q c1=Q 59. Qg7+ Kd8 60. Qg8+ Kc7 61. Qf7+ Kc6 62. Qe8+ Kc7 63. Qf7+ Kc6 64. Qe8+ Kd6 65. Qf8+ Ke5 66. Qh8+ Kd5 67. Qa8+ Ke5 68. Qh8+ Ke6 69. Qe8+ Kd5 70. Qd8+ Ke5 71. Qh8+ 1/2-1/2

[Event "CAN-ch"]
[Site "Toronto CAN"]
[Date "2025.04.18"]
[Round "2.24"]
[White "Darvekar, Yash"]
[Black "Malakar, Saarthak"]
[Result "1-0"]
[WhiteElo "2024"]
[BlackElo "1930"]
[WhiteFideId "-1"]
[WhiteFideId "-1"]
[PlyCount "61"]
[GameId "2173072040664153"]
[EventDate "2025.04.17"]
[EventType "swiss"]
[EventRounds "9"]
[EventCountry "CAN"]

1. e4 c6 2. d4 d5 3. Nc3 dxe4 4. Nxe4 Nf6 5. Nxf6+ exf6 6. c3 Bd6 7. Bd3 O-O 8. Qc2 Re8+ 9. Ne2 h5 10. O-O Nd7 11. Bd2 Nf8 12. Rae1 Qc7 13. h3 Be6 14. c4 Qd7 15. f4 b5 16. b3 f5 17. Kh1 Rac8 18. Ng1 f6 19. Nf3 g6 20. Nh4 Bf7 21. g4 fxg4 22. Nxg6 Kg7 23. Ne5 fxe5 24. fxe5 Be7 25. Rxf7+ Kxf7 26. e6+ Nxe6 27. Bg6+ Kg7 28. Qf5 Nf8 29. Qf7+ Kh8 30. Bh6 Qxd4 31. Bxf8 1-0

[Event "CAN-ch"]
[Site "Toronto CAN"]
[Date "2025.04.18"]
[Round "2.25"]
[White "Zhao, Jifan"]
[Black "Gao, Heye"]
[Result "1-0"]
[WhiteElo "1890"]
[BlackElo "2003"]
[WhiteFideId "-1"]
[WhiteFideId "-1"]
[PlyCount "111"]
[GameId "2173072040668250"]
[EventDate "2025.04.17"]
[EventType "swiss"]
[EventRounds "9"]
[EventCountry "CAN"]

1. e4 e5 2. Nf3 Nc6 3. Bb5 a6 4. Bxc6 dxc6 5. d3 Qf6 6. Be3 Ne7 7. d4 exd4 8. Bxd4 Qg6 9. Qe2 Bg4 10. Nc3 O-O-O 11. O-O-O Qh5 12. Be3 Rxd1+ 13. Rxd1 Ng6 14. h3 Bxf3 15. Qxf3 Qxf3 16. gxf3 Bd6 17. Ne2 Re8 18. Nd4 Be5 19. Ne2 Bf6 20. Ng3 Be5 21. Nh5 Nh4 22. f4 g6 23. fxe5 gxh5 24. f4 Rg8 25. Rg1 Ng2 26. Kd2 Kd7 27. f5 b6 28. Ke2 Rg3 29. Bd2 Nf4+ 30. Kf2 Rxg1 31. Kxg1 Ne2+ 32. Kf2 Nd4 33. c3 Nb5 34. a4 Na7 35. Kg3 b5 36. Be3 Nc8 37. a5 Ne7 38. Bc5 Ng8 39. Kh4 Ke8 40. Kxh5 Kd7 41. Kg5 Ke8 42. b3 Kd7 43. h4 Ke8 44. h5 Kd8 45. e6 fxe6 46. fxe6 Ke8 47. Kf5 Kd8 48. e5 Ke8 49. e7 Nxe7+ 50. Bxe7 Kxe7 51. b4 Kf7 52. e6+ Ke7 53. Ke5 Ke8 54. Kf6 Kf8 55. h6 Ke8 56. Kg7 1-0

[Event "CAN-ch"]
[Site "Toronto CAN"]
[Date "2025.04.18"]
[Round "2.26"]
[White "Lu, Tony"]
[Black "Zhang, Daniel"]
[Result "1-0"]
[WhiteElo "1999"]
[BlackElo "1909"]
[WhiteFideId "-1"]
[WhiteFideId "-1"]
[PlyCount "117"]
[GameId "2173072040668251"]
[EventDate "2025.04.17"]
[EventType "swiss"]
[EventRounds "9"]
[EventCountry "CAN"]

1. c4 c5 2. Nf3 Nf6 3. d4 cxd4 4. Nxd4 Nc6 5. Nc3 d6 6. e4 e6 7. Nf3 Be7 8. Be2 O-O 9. O-O a6 10. Bf4 b6 11. Rc1 Bb7 12. Qd3 Qc7 13. Nd2 Rac8 14. a3 Qb8 15. b4 Ne5 16. Qd4 Ned7 17. Bg3 Rfd8 18. Rfd1 Bc6 19. Nb3 Qa8 20. f3 e5 21. Qd2 Nf8 22. Bf2 Qb8 23. a4 Ne6 24. b5 axb5 25. cxb5 Ba8 26. Qe3 Nc5 27. Bc4 Rc7 28. Nxc5 dxc5 29. Qe2 Rcd7 30. Qa2 Bd6 31. Bh4 Ra7 32. Rd3 Be7 33. Bxf7+ Kh8 34. Rxd8+ Bxd8 35. Bxf6 Bxf6 36. Rd1 Bg5 37. Kf2 Qf8 38. Bc4 Qf4 39. Qe2 Qxh2 40. Qf1 Qf4 41. Rd3 Bh4+ 42. Ke2 h5 43. Qh1 g6 44. Qh3 Qg3 45. Qxg3 Bxg3 46. Rd6 Kg7 47. Rxb6 Rd7 48. a5 Rd4 49. Bd5 Bxd5 50. Nxd5 Ra4 51. a6 Ra2+ 52. Kd3 Bf2 53. Rb7+ Kh6 54. Nc3 Ra3 55. Kc4 Bd4 56. Ne2 Ra4+ 57. Kd5 Be3 58. Rc7 Ra5 59. Rxc5 1-0

[Event "CAN-ch"]
[Site "Toronto CAN"]
[Date "2025.04.18"]
[Round "2.27"]
[White "Hoekman, Samuel"]
[Black "Cheng, Adrien"]
[Result "1/2-1/2"]
[WhiteElo "1994"]
[BlackElo "1801"]
[WhiteFideId "-1"]
[WhiteFideId "-1"]
[PlyCount "70"]
[GameId "2173072040676444"]
[EventDate "2025.04.17"]
[EventType "swiss"]
[EventRounds "9"]
[EventCountry "CAN"]

1. Nf3 d5 2. d4 c6 3. c4 e6 4. g3 f5 5. Bg2 Nf6 6. O-O Be7 7. Nc3 O-O 8. Rb1 a5 9. a3 Ne4 10. Nxe4 fxe4 11. Ne1 Nd7 12. f3 exf3 13. Nxf3 Qb6 14. c5 Qd8 15. Bh3 Rf6 16. Qc2 h6 17. Bf4 a4 18. e4 dxe4 19. Qxe4 e5 20. dxe5 Nxc5 21. Qc4+ Rf7 22. Bxc8 Qxc8 23. Nd4 b5 24. Qc2 Qd7 25. Rbd1 Raf8 26. Qg6 Qh3 27. Nxc6 Bg5 28. Qc2 Ne6 29. Qg2 Nxf4 30. gxf4 Qe3+ 31. Qf2 Bxf4 32. Qxe3 Bxe3+ 33. Kg2 Rxf1 34. Rxf1 Rxf1 35. Kxf1 Kf7 1/2-1/2

[Event "CAN-ch"]
[Site "Toronto CAN"]
[Date "2025.04.18"]
[Round "3.1"]
[White "Plotkin, Mark"]
[Black "Sambuev, Bator"]
[Result "1/2-1/2"]
[WhiteElo "2349"]
[BlackElo "2429"]
[WhiteFideId "-1"]
[WhiteFideId "-1"]
[PlyCount "195"]
[GameId "2170886164653402"]
[EventDate "2025.04.17"]
[EventType "swiss"]
[EventRounds "9"]
[EventCountry "CAN"]

1. Nf3 d5 2. g3 c5 3. Bg2 Nf6 4. O-O e6 5. d4 cxd4 6. Nxd4 e5 7. Nb3 Be6 8. Bg5 Nbd7 9. Nc3 Be7 10. f4 exf4 11. gxf4 g6 12. Kh1 Nb6 13. Nd4 Qd7 14. Qd3 Bg4 15. h3 Bh5 16. Rae1 O-O-O 17. f5 Ne4 18. Bf4 Bd6 19. Nxe4 dxe4 20. Qc3+ Qc7 21. Qxc7+ Bxc7 22. Bxc7 Kxc7 23. Nb5+ Kb8 24. Bxe4 Nc4 25. fxg6 Bxg6 26. Bxg6 hxg6 27. Rxf7 Rxh3+ 28. Kg2 Rh5 29. Nc3 Rdh8 30. Rf4 Rh2+ 31. Kf3 R2h3+ 32. Kf2 Nxb2 33. Nd5 Rd8 34. Ne7 Nd1+ 35. Kg2 Ra3 36. Nxg6 Ne3+ 37. Kf2 Nxc2 38. Rb1 Rxa2 39. Rf7 b6 40. Ne5 Nd4 41. Nd7+ Ka8 42. Nxb6+ axb6 43. Rxb6 Rxe2+ 44. Kf1 Ra2 45. Rbf6 Kb8 46. Rf8 Rxf8 47. Rxf8+ Kc7 48. Rf6 Kd7 49. Ke1 Ke7 50. Rb6 Ne6 51. Kd1 Kf6 52. Kc1 Ke5 53. Rb2 Ra3 54. Kd2 Ke4 55. Rb8 Rd3+ 56. Kc2 Nd4+ 57. Kb2 Rd2+ 58. Ka3 Rc2 59. Rh8 Kd3 60. Kb4 Rc4+ 61. Ka5 Rc5+ 62. Kb6 Rc6+ 63. Kb7 Rg6 64. Rh5 Kc4 65. Kc7 Nc6 66. Rh1 Kd5 67. Rd1+ Nd4 68. Kb7 Rg2 69. Kc7 Rb2 70. Rd3 Rb1 71. Rd2 Kc5 72. Rh2 Ne6+ 73. Kd7 Nf4 74. Rc2+ Kd5 75. Rd2+ Ke5 76. Kc6 Rc1+ 77. Kd7 Rc3 78. Rd1 Nd3 79. Rh1 Kd5 80. Rd1 Ra3 81. Kc7 Ke6 82. Rh1 Rc3+ 83. Kb6 Ne5 84. Rd1 Nd3 85. Rh1 Kd5 86. Rd1 Kd6 87. Rh1 Rb3+ 88. Ka7 Nf4 89. Rd1+ Nd5 90. Rc1 Nc3 91. Rh1 Kc5 92. Rh5+ Nd5 93. Rh1 Nf6 94. Rc1+ Kd6 95. Rd1+ Kc7 96. Rc1+ Kd8 97. Ka6 Ne4 98. Rd1+ 1/2-1/2

[Event "CAN-ch"]
[Site "Toronto CAN"]
[Date "2025.04.18"]
[Round "3.2"]
[White "Atanasov, Anthony"]
[Black "Jaferian, Koosha"]
[Result "1/2-1/2"]
[WhiteElo "2413"]
[BlackElo "2293"]
[WhiteFideId "-1"]
[WhiteFideId "-1"]
[PlyCount "67"]
[GameId "2170886164653403"]
[EventDate "2025.04.17"]
[EventType "swiss"]
[EventRounds "9"]
[EventCountry "CAN"]

1. e4 c6 2. d4 d5 3. exd5 cxd5 4. Nf3 Nc6 5. c3 Qc7 6. c4 e6 7. Nc3 Bb4 8. cxd5 exd5 9. Bd3 Nge7 10. O-O O-O 11. Nb5 Qd8 12. a3 Ba5 13. Bf4 Bf5 14. Bxf5 Nxf5 15. Qd3 Qf6 16. b4 Bb6 17. Nc3 Nfxd4 18. Nxd5 Qg6 19. Qd1 Qe4 20. Nxb6 axb6 21. Nxd4 Nxd4 22. Bd6 Rfe8 23. Re1 Qd5 24. Rxe8+ Rxe8 25. Bg3 Qc4 26. h3 h6 27. Kh2 Rc8 28. a4 Qxb4 29. Qg4 Qc4 30. Qd7 Ne2 31. Qxb7 Nxg3 32. fxg3 Qc6 33. Qxc6 Rxc6 34. a5 1/2-1/2

[Event "CAN-ch"]
[Site "Toronto CAN"]
[Date "2025.04.18"]
[Round "3.4"]
[White "Rodrigue-Lemieux, Shawn"]
[Black "Joseph Benher, Savio"]
[Result "1-0"]
[WhiteElo "2505"]
[BlackElo "2109"]
[WhiteFideId "-1"]
[WhiteFideId "-1"]
[PlyCount "157"]
[GameId "2170886164653405"]
[EventDate "2025.04.17"]
[EventType "swiss"]
[EventRounds "9"]
[EventCountry "CAN"]

1. c4 Nf6 2. g3 e6 3. Bg2 d5 4. Nf3 d4 5. O-O c5 6. e3 Nc6 7. d3 h6 8. exd4 cxd4 9. Bf4 Bd6 10. Bxd6 Qxd6 11. Re1 O-O 12. Nbd2 Rb8 13. Rc1 b6 14. Nb3 Nd7 15. Nfd2 Nc5 16. Ne4 Nxe4 17. Bxe4 Ne7 18. Qh5 e5 19. Nd2 Be6 20. Bg2 Bf5 21. Qe2 Ng6 22. a3 a5 23. Ne4 Bxe4 24. Qxe4 Rfe8 25. Rb1 Re7 26. b4 axb4 27. axb4 Qc7 28. Ra1 Nf8 29. Ra6 Nd7 30. Qc6 Qxc6 31. Bxc6 Nf6 32. f3 Kf8 33. Rea1 Rc7 34. Ra8 Rxa8 35. Rxa8+ Ke7 36. Bb5 g5 37. Ra6 Rb7 38. Bc6 Rb8 39. Ra7+ Ke6 40. Kf1 h5 41. h4 gxh4 42. gxh4 Rc8 43. Bb5 Rb8 44. Bc6 Rc8 45. b5 Rg8 46. Rb7 Ra8 47. Rxb6 Ra1+ 48. Kf2 Ke7 49. Ra6 Rb1 50. b6 e4 51. Bxe4 Nd7 52. b7 Nc5 53. Ra5 Kd6 54. Ra8 Nxe4+ 55. fxe4 Rxb7 56. Rd8+ Ke5 57. Kf3 Rb1 58. Rd5+ Ke6 59. Rxd4 Rh1 60. Kg3 Rg1+ 61. Kh2 Rg4 62. Kh3 Ke5 63. Rd5+ Kf4 64. c5 Rg1 65. Kh2 Rc1 66. Rxh5 Kg4 67. Rf5 Rc3 68. Rd5 Rc2+ 69. Kg1 Kxh4 70. Kf1 Kg3 71. Rf5 Rd2 72. c6 Rxd3 73. c7 Rc3 74. Rxf7 Kg4 75. e5 Kg5 76. e6 Kg6 77. Rd7 Rc6 78. e7 Kf7 79. e8=R+ 1-0

[Event "CAN-ch"]
[Site "Toronto CAN"]
[Date "2025.04.18"]
[Round "3.6"]
[White "Noritsyn, Nikolay"]
[Black "Moses, Neil"]
[Result "1-0"]
[WhiteElo "2450"]
[BlackElo "2148"]
[WhiteFideId "-1"]
[WhiteFideId "-1"]
[PlyCount "57"]
[GameId "2170886164653407"]
[EventDate "2025.04.17"]
[EventType "swiss"]
[EventRounds "9"]
[EventCountry "CAN"]

1. e4 c5 2. Nf3 e6 3. d4 cxd4 4. Nxd4 a6 5. a3 Nf6 6. Nc3 Qc7 7. f4 d6 8. Bd3 Nbd7 9. g4 Nc5 10. g5 Nfd7 11. Be3 b5 12. h4 Bb7 13. h5 Nb6 14. Qe2 Rc8 15. O-O-O Nxd3+ 16. Qxd3 Nc4 17. f5 e5 18. Nde2 Be7 19. Kb1 h6 20. f6 gxf6 21. g6 fxg6 22. hxg6 Bf8 23. Bc1 Nb6 24. Ng3 Rg8 25. Bxh6 Rxg6 26. Bxf8 Kxf8 27. Nf5 Rg8 28. Rh6 Nd7 29. Rh7 1-0

[Event "CAN-ch"]
[Site "Toronto CAN"]
[Date "2025.04.18"]
[Round "3.7"]
[White "Dhaliwal, Jaipreet Singh"]
[Black "Yang, Ryan"]
[Result "0-1"]
[WhiteElo "2109"]
[BlackElo "2350"]
[WhiteFideId "-1"]
[WhiteFideId "-1"]
[PlyCount "88"]
[GameId "2170886164653408"]
[EventDate "2025.04.17"]
[EventType "swiss"]
[EventRounds "9"]
[EventCountry "CAN"]

1. e4 c5 2. Nf3 e6 3. d4 cxd4 4. Nxd4 Nc6 5. Nc3 Qc7 6. Qd3 Nf6 7. Ndb5 Qb8 8. Qg3 d6 9. Be3 a6 10. Nd4 Bd7 11. Bd3 h5 12. f4 Ng4 13. Bg1 Be7 14. h3 Nf6 15. Be3 h4 16. Qf3 Qc7 17. O-O Rc8 18. Nb3 Nb8 19. a4 Bc6 20. Qf2 Nbd7 21. a5 Nh5 22. Rfe1 Ng3 23. Bd4 Bf6 24. Bxf6 Nxf6 25. Nd4 d5 26. exd5 Nxd5 27. Nxd5 Bxd5 28. c4 Bxc4 29. Rec1 Bxd3 30. Rxc7 Rxc7 31. Qd2 Be4 32. Qb4 Rh5 33. Re1 Rhc5 34. Ne2 Rc4 35. Qd6 Nf5 36. Qb6 Rd7 37. Nc3 Bc6 38. Qf2 Rcd4 39. Kh2 Rd2 40. Re2 Rxe2 41. Qxe2 Ng3 42. Qe5 Rd2 43. Qb8+ Kd7 44. Nd5 Bxd5 0-1

[Event "CAN-ch"]
[Site "Toronto CAN"]
[Date "2025.04.18"]
[Round "3.8"]
[White "Song, Ethan"]
[Black "Kot, Emanuel"]
[Result "1/2-1/2"]
[WhiteElo "2291"]
[BlackElo "2103"]
[WhiteFideId "-1"]
[WhiteFideId "-1"]
[PlyCount "59"]
[GameId "2174161162130183"]
[EventDate "2025.04.17"]
[EventType "swiss"]
[EventRounds "9"]
[EventCountry "CAN"]

1. e4 e6 2. d4 d5 3. Nc3 Nf6 4. Bg5 dxe4 5. Nxe4 Be7 6. Bxf6 gxf6 7. Nf3 f5 8. Ng3 c5 9. Bb5+ Bd7 10. Bxd7+ Qxd7 11. O-O Nc6 12. c3 cxd4 13. cxd4 Rd8 14. Ne2 O-O 15. Qb3 Qd5 16. Qc3 Bf6 17. Qc1 Qe4 18. Re1 Qg4 19. Rd1 Nxd4 20. Nexd4 Bxd4 21. h3 Qg7 22. Nxd4 Rxd4 23. Rxd4 Qxd4 24. Qg5+ Qg7 25. Qe7 Qxb2 26. Re1 f4 27. Qg5+ Qg7 28. Qxf4 Kh8 29. Qc7 f6 30. Qxg7+ 1/2-1/2

[Event "CAN-ch"]
[Site "Toronto CAN"]
[Date "2025.04.18"]
[Round "3.9"]
[White "Yang, Larry"]
[Black "Cummings, David"]
[Result "0-1"]
[WhiteElo "1937"]
[BlackElo "2257"]
[WhiteFideId "-1"]
[WhiteFideId "-1"]
[PlyCount "111"]
[GameId "2174161162130184"]
[EventDate "2025.04.17"]
[EventType "swiss"]
[EventRounds "9"]
[EventCountry "CAN"]

1. e4 e5 2. Nf3 Nf6 3. Nxe5 d6 4. Nf3 Nxe4 5. Nc3 Nxc3 6. dxc3 Be7 7. Be3 Nd7 8. Be2 Nf6 9. Qd3 O-O 10. O-O-O c5 11. c4 b5 12. cxb5 a6 13. Qa3 Qb6 14. Nd2 d5 15. Rhe1 axb5 16. Qxa8 Ba6 17. Qxf8+ Bxf8 18. Bg5 h6 19. Bxf6 Qxf6 20. Bf3 d4 21. Re8 g6 22. Ne4 Qf4+ 23. Kb1 Kg7 24. c3 Bb7 25. Nd2 Bxf3 26. Nxf3 Qf5+ 27. Kc1 dxc3 28. Rdd8 cxb2+ 29. Kxb2 Be7 30. Rg8+ Kf6 31. Rb8 Qe6 32. Nd2 Qe5+ 33. Kc2 b4 34. Rb6+ Kf5 35. Re8 Qc3+ 36. Kd1 Bg5 37. Ne4 Qa1+ 38. Ke2 Qxa2+ 39. Ke1 Qb1+ 40. Ke2 Qc2+ 41. Ke1 Qxe4+ 42. Rxe4 Kxe4 43. Ke2 Kd4 44. g3 Kc3 45. f4 Be7 46. Rb7 Bf6 47. Rxf7 Bd4 48. Kd1 c4 49. g4 Kd3 50. f5 gxf5 51. gxf5 b3 52. Rd7 c3 53. Rxd4+ Kxd4 54. f6 Kd3 55. f7 b2 56. f8=Q 0-1

[Event "CAN-ch"]
[Site "Toronto CAN"]
[Date "2025.04.18"]
[Round "3.10"]
[White "Teodoro, Eduardo"]
[Black "Barron, Michael"]
[Result "0-1"]
[WhiteElo "2350"]
[BlackElo "2062"]
[WhiteFideId "-1"]
[WhiteFideId "-1"]
[PlyCount "116"]
[GameId "2174161161962229"]
[EventDate "2025.04.17"]
[EventType "swiss"]
[EventRounds "9"]
[EventCountry "CAN"]

1. e4 e5 2. Nf3 Nc6 3. Bb5 a6 4. Ba4 Nf6 5. O-O Be7 6. Re1 b5 7. Bb3 O-O 8. c4 d6 9. h3 Na5 10. cxb5 axb5 11. Bc2 c5 12. d3 h6 13. Nc3 b4 14. Ne2 Be6 15. Ng3 b3 16. axb3 Re8 17. b4 cxb4 18. Ba4 Nb3 19. Bxb3 Rxa1 20. Bxe6 fxe6 21. Qb3 d5 22. Kh2 Qc7 23. Ne2 Bc5 24. d4 exd4+ 25. Bf4 Qa7 26. Rxa1 Qxa1 27. exd5 Nxd5 28. Be5 Qa6 29. Nfxd4 Bd6 30. Qg3 Bxe5 31. Qxe5 Qb6 32. Ng3 Qc7 33. Qh5 Qf7 34. Qe2 Qf6 35. Nf3 Rf8 36. Nh5 Qf7 37. Ne5 Qc7 38. Ng3 b3 39. Nc4 Qc6 40. Na5 Qb6 41. Nc4 Qa6 42. Ne4 Nf4 43. Qf1 Rd8 44. g3 Rd4 45. Ned2 Nd5 46. Qc1 Qc6 47. Qf1 Qb5 48. Qe2 Qa6 49. Qf3 Nb6 50. Nxb6 Qxb6 51. Qe2 Rb4 52. Nf3 Qc6 53. Ne5 Qc2 54. Qf3 Qf5 55. Qa8+ Kh7 56. Nf3 Re4 57. Kg2 Re2 58. g4 Qc5 0-1

[Event "CAN-ch"]
[Site "Toronto CAN"]
[Date "2025.04.18"]
[Round "3.11"]
[White "Marchand, Calix"]
[Black "Mendes, Aaron Reeve"]
[Result "0-1"]
[WhiteElo "2104"]
[BlackElo "2335"]
[WhiteFideId "-1"]
[WhiteFideId "-1"]
[PlyCount "112"]
[GameId "2174161162076918"]
[EventDate "2025.04.17"]
[EventType "swiss"]
[EventRounds "9"]
[EventCountry "CAN"]

1. e4 c6 2. d4 d5 3. Nc3 dxe4 4. Nxe4 Nf6 5. Nxf6+ exf6 6. c3 Bd6 7. Bd3 O-O 8. Qc2 h5 9. Ne2 Re8 10. O-O Qc7 11. g3 Bh3 12. Re1 Nd7 13. Bf4 Bg4 14. Bxd6 Qxd6 15. Nf4 h4 16. Bh7+ Kh8 17. Bg6 Qf8 18. h3 Bxh3 19. Qb3 Rxe1+ 20. Rxe1 Re8 21. Rc1 Be6 22. Nxe6 Rxe6 23. Bf5 Re7 24. Qxb7 Nb8 25. Qb4 g6 26. Bc8 hxg3 27. Qxb8 Qh6 28. Bh3+ Kg7 29. Rf1 Qxh3 30. Qxg3 Qf5 31. Kg2 Re2 32. Qf3 Qg5+ 33. Qg3 Qxg3+ 34. Kxg3 Rxb2 35. Rd1 Rxa2 36. d5 cxd5 37. Rxd5 Rc2 38. Rc5 a5 39. Rxa5 Rxc3+ 40. f3 g5 41. Rb5 Kg6 42. Rb6 Re3 43. Kg4 Re1 44. Kg3 Re6 45. Rb8 f5 46. Rg8+ Kf6 47. Rb8 Re3 48. Kf2 Ra3 49. Rb6+ Kg7 50. Rb4 Kg6 51. Kg2 Ra2+ 52. Kh3 f4 53. Rb3 Rf2 54. Kg4 f5+ 55. Kh3 Kh5 56. Rb2 g4+ 0-1

[Event "CAN-ch"]
[Site "Toronto CAN"]
[Date "2025.04.18"]
[Round "3.12"]
[White "Kaufman, Raymond"]
[Black "Darvekar, Yash"]
[Result "1-0"]
[WhiteElo "2216"]
[BlackElo "2024"]
[WhiteFideId "-1"]
[WhiteFideId "-1"]
[PlyCount "81"]
[GameId "2174161162089207"]
[EventDate "2025.04.17"]
[EventType "swiss"]
[EventRounds "9"]
[EventCountry "CAN"]

1. d4 d5 2. c4 c6 3. Nc3 Nf6 4. e3 e6 5. Nf3 Nbd7 6. Qc2 Bd6 7. Be2 dxc4 8. Bxc4 b5 9. Be2 Bb7 10. O-O O-O 11. Rd1 Qe7 12. e4 e5 13. dxe5 Nxe5 14. Nd4 Bc5 15. Nf5 Qc7 16. h3 g6 17. Be3 Bxe3 18. Nxe3 Rac8 19. Rac1 Qe7 20. f4 Ned7 21. e5 b4 22. Ne4 Nxe4 23. Qxe4 Nf6 24. Qd4 Nd5 25. Nxd5 cxd5 26. Qxa7 Ra8 27. Qb6 Rfc8 28. Bg4 Ra6 29. Qd4 Rxc1 30. Rxc1 Rxa2 31. Kh2 h5 32. Bf3 Ra5 33. Qb6 Ra6 34. Qb5 Ra2 35. Rc2 Ra1 36. Bxd5 Bxd5 37. Qxd5 Qa7 38. Rc5 b3 39. Qd6 Rb1 40. e6 fxe6 41. Rc8+ 1-0

[Event "CAN-ch"]
[Site "Toronto CAN"]
[Date "2025.04.18"]
[Round "3.13"]
[White "Ng, Gary"]
[Black "Lu, Tony"]
[Result "1-0"]
[WhiteElo "2210"]
[BlackElo "1999"]
[WhiteFideId "-1"]
[WhiteFideId "-1"]
[PlyCount "79"]
[GameId "2174161162089208"]
[EventDate "2025.04.17"]
[EventType "swiss"]
[EventRounds "9"]
[EventCountry "CAN"]

1. e4 e6 2. Qe2 c5 3. Nf3 Nc6 4. g3 g6 5. Bg2 Bg7 6. O-O Nge7 7. c3 e5 8. Na3 O-O 9. Nc4 d6 10. a4 h6 11. d3 Be6 12. Nfd2 Qd7 13. f4 Rae8 14. Nf3 b6 15. Be3 Bg4 16. Qc2 Kh7 17. Rae1 Rb8 18. Nh4 f6 19. Bc1 Be6 20. f5 gxf5 21. exf5 Bf7 22. Bf3 Kg8 23. Ne3 d5 24. Ng4 Nxf5 25. Nxf5 Qxf5 26. Nxh6+ Bxh6 27. Bxh6 Qg6 28. Bxf8 Rxf8 29. Bg2 c4 30. Rd1 Kg7 31. Rf2 cxd3 32. Qxd3 e4 33. Qa6 Qg4 34. Rdf1 Be8 35. Rf4 Qe6 36. c4 Nb4 37. cxd5 Qxd5 38. Qxa7+ Rf7 39. Qxb6 Rb7 40. Qxf6+ 1-0